An introduction to the mathematical theory of the Navier-Stokes equations /

Guardado en:
Autor Principal: Galdi, Giovanni P. 1947-
Formato: Libro
Idioma:English
Publicado: New York : Springer, 1998, c1994.
Edición:Rev. ed.
Series:Springer tracts in natural philosophy ; v. 38-39
Etiquetas: Agregar Etiqueta
Sin Etiquetas, Sea el primero en etiquetar este registro!
LEADER 01041nam a22002655a 4500
001 MAT.inmabb000268
008 930816m19989999nyu######b####001#0#eng##
005 20130325235715.0
245 1 3 |a An introduction to the mathematical theory of the Navier-Stokes equations /  |c Giovanni P. Galdi. 
250 |a Rev. ed. 
260 |a New York :  |b Springer,  |c 1998, c1994. 
300 |a v. <1-2 > ;  |c 24 cm. 
440 0 |a Springer tracts in natural philosophy ;  |v v. 38-39 
500 |a "Corr. 2nd printing, 1998." 
504 |a Incluye referencias bibliográficas. 
505 0 |a v. 1. Linearized steady problems -- v. 2. Nonlinear steady problems. 
510 4 |a MR,  |c 95i:35216a 
020 |a 038794172X (v. 1 : New York) 
020 |a 354094172X (v. 1 : Berlin) 
020 |a 0387941509 (v. 2 : New York) 
020 |a 3540941509 (v. 2 : Berlin) 
100 1 |a Galdi, Giovanni P.  |q (Giovanni Paolo),  |d 1947- 
084 |a 35Q30 (76D05)  |2 MR  |9 2000 
859 |h 35  |i G149  |p A-8000  |v 1  |3 Vol. 1  |b BIB. MATEMATICA 
859 |h 35  |i G149  |p A-8001  |v 2  |3 Vol. 2  |b BIB. MATEMATICA